000
00283nam a22001337a 4500
008
170607b xxu||||| |||| 00| 0 eng d
020
_a
0865691215
041
_a
eng
080
_a
32
100
_a
18
101
_a
SHP
245
_a
PLANT CLOSINGS
_c
ROTHSTEIN,L.E
942
_2
udc
_c
BK
999
_c
16225
_d
16225